| 000 | 00584cam a2200181 4500 | ||
|---|---|---|---|
| 001 | D2611 | ||
| 008 | 090401t1985 xxu||||| |||| 00| 0 eng d | ||
| 035 | _a(Sirsi) u69892 | ||
| 041 | _aeng | ||
| 050 | _a333.9 | ||
| 110 |
_aCommonwealth Association of Surveying and Land Economy _92570 |
||
| 245 | 4 | _aThe management and development of natural resources: report of the proceedings of a CASLE regional seminar held in Kuala Lumpur, Malaysia on 8-15 September 1985 | |
| 260 |
_aLondon _bCASLE _c1985 |
||
| 300 | _a192p. ill. 30cm | ||
| 350 | _a0 | ||
| 942 | _n0 | ||
| 948 | _c04/03/1997 | ||
| 999 |
_c95248 _d95248 |
||